00466nam a2200121Ia 4500008004100000082002000041100002000061245012200081300001300203942000700216999001900223952010200242230907s9999||||xx |||||||||||||| ||und|| a333.7924bZOH-A aZohuri, Bahman. 0aApplication of compact heat exchangers for combined cycle driven efficiency in next generation nuclear power plants / apages cm cBK c597857d597857 00104070aCAS-EbCAS-Ed2017-12-28l0o333.7924 ZOH-Apcas-e0001956r2023-09-12w2023-09-12yBK